000 00458nam a2200169Ia 4500
003 GCL
008 140319s9999 xx 000 0 eng d
040 _aGCL /
_cGCL
082 0 4 _a658.4012
_bD C
100 1 _aDAVID, FRED R.
245 1 0 _aCONCEPTS OF STRATEGIC MANAGEMENT /
_cDAVID, FRED R.
260 _a[S.N] :
_bMACMILLAN PUBLBISHING COMPANY ،
_c1991
300 _a395 P
650 0 4 _aCASE STUDIES
650 0 4 _aSTRATEGIC PLANNING
942 _2ddc
_cBK
999 _c19795
_d19795